000 01333nam0a22003011 4500
001 rc\3782118
005 20260406230515.0
021 _aRU
_b[76-3711]
035 _a(NLR Aleph) 007236550
090 _a7743708
_c7743708
100 _a20120207d1975 |||y0rusy50 ca
101 0 _arus
102 _aRU
105 _aa b |||||
200 1 _aМихаил Латри
_eКаталог [выставки
_e100-летию со дня рождения посвящается
_fАвт. вступ. статьи С.С. Полун]
210 _aСимферополь
_cБ. и.
_d1975
215 _a10 с., 5 л. ил.
_d21
300 _aВ надзаг.: Феодосийск. картинная галерея им. И.К. Айвазовского
606 _aРусская советская живопись
_xВыставки
_z1975
_yСимферополь
_2psbo
608 _aРусская советская графика
_xВыставки
_z1975
_yСимферополь
_2psbo
702 1 _aПолун
_bС.С.
_4570
710 1 0 _aЛатри,
_gМихаил Пелопидович
_hВыставка произведений
_f1975
_eСимферополь
_3RU\NLR\AUTH\889982710
_9461333
801 0 _aRU
_bNLR
_gpsbo
801 1 _aRU
_bELAR
_2rusmarc
852 _aNLR
_bЭ
_jКП/Л275
942 _cBOOK
980 _aNB